[Event "Villa Santiago op"]
[Site "Santiago de Cuba"]
[Date "2018.08.12"]
[Round "5"]
[White "Cuza Silva, Kevin Alejandro"]
[Black "Blanco Hechavarria, Gerardo"]
[Result "0-1"]
[WhiteElo "1732"]
[BlackElo "1900"]
[PlyCount "76"]
[EventDate "2018.08.08"]
[EventType "swiss"]
[EventRounds "7"]
[EventCountry "CUB"]
[SourceTitle "EXT 2021"]
[Source "ChessBase"]
[SourceDate "2020.10.23"]
[SourceVersion "1"]
[SourceVersionDate "2020.10.23"]
[SourceQuality "1"]

1. e4 e6 2. d4 d5 3. exd5 exd5 4. Bd3 Nc6 5. c3 Bd6 6. Qf3 Be6 7. Ne2 Qd7 8. h3 Nge7 9. a4 a6 10. b3 Ng6 11. Bxg6 hxg6 12. Bf4 0-0-0 13. Bxd6 Qxd6 14. Qg3 Qe7 15. Ra2 Bf5 16. 0-0 Na5 17. b4 Nc4 18. Nf4 g5 19. Nd3 Bxd3 20. Qxd3 g6 21. Re2 Qd7 22. Rfe1 Qxa4 23. Re7 Nd6 24. Qf3 Kb8 25. R7e5 f5 26. Rxd5 Qa2 27. Ra5 Qf7 28. Nd2 Rh7 29. Qd5 Qd7 30. Qe6 Qg7 31. Qe5 Qf8 32. Qg3 g4 33. hxg4 Qh8 34. f3 Rh1+ 35. Kf2 f4 36. Qxf4 Qh4+ 37. Qg3 Qxg3+ 38. Kxg3 Rxe1 0-1